PROTECCION Y ASISTENCIA DE REFUGIADOS EN AMERICA LATINA. DOCUMENTOS REGIONALES 1981-1999 /
Guardat en:
| Autor corporatiu: | |
|---|---|
| Format: | Llibre |
| Matèries: | |
| Etiquetes: |
Sense etiquetes, Sigues el primer a etiquetar aquest registre!
|
MARC
| LEADER | 00000nam^a2200000^a^4500 | ||
|---|---|---|---|
| 001 | 000247054 | ||
| 005 | 20250521000000.0 | ||
| 009 | 20260310105601.55 | ||
| 020 | |a 968-6605-40-1 | ||
| 037 | |a Acervo Xavier Clavigero | ||
| 082 | |a 325. 21098 |b PRO | ||
| 110 | |a ONU. |b Alto Comisionado de las Naciones Unidas para los Refugiados | ||
| 245 | 1 | 0 | |a PROTECCION Y ASISTENCIA DE REFUGIADOS EN AMERICA LATINA. DOCUMENTOS REGIONALES 1981-1999 / |c ALTO COMISIONADO DE LAS NACIONES UNIDAS PARA LOS REFUGIADOS |
| 264 | |a México : |b ONU, Alto Comisionado de las Naciones Unidas para los Refugiados, |c 2000 | ||
| 300 | |a 359 p. | ||
| 336 | |a texto |b txt |2 rdacontenido | ||
| 337 | |a sin mediación |b n |2 rdamedio | ||
| 338 | |a volumen |b nc |2 rdasoporte | ||
| 649 | |a XX | ||
| 650 | |a Refugiados Políticos - |z Latinoamérica | ||
| 650 | |a Refugiados - |z Latinoamérica - |x Tema Principal | ||
| 910 | |a Fondo General | ||
| 920 | |a Impresos - Libros | ||
| 930 | |a Colección General | ||
| 905 | |a 101 | ||
| 901 | |a 070695 |b IT1 |c ACC |i 070695 |u 20250521 | ||
| 902 | |a https://opac.biblio.iteso.mx/vufind/Record/000247054 | ||